| 000 | 00521nam a22001937a 4500 | ||
|---|---|---|---|
| 003 | CEME | ||
| 005 | 20210628210739.0 | ||
| 008 | 210212b xxu||||| |||| 00| 0 eng d | ||
| 020 | _a0-7803-1155-8 | ||
| 040 | _c. | ||
| 082 | _a539.2 JON | ||
| 100 |
_aJones, D.S _953396 |
||
| 245 | _aMethods in electromagnetic wave propagation | ||
| 250 | _a2ND | ||
| 260 |
_aOXFORD _bOXFORD UNIVERSITY PRESS _c1994 |
||
| 300 | _aXIII,645P | ||
| 650 |
_aELECTROMAGNETIC WAVE PROPAGATION WAVE PROPAGATION _980819 |
||
| 942 |
_cBK _2ddc |
||
| 999 |
_c585686 _d585686 |
||